书目信息 |
| 题名: |
会计学原理
|
|
| 作者: | 李月华 , 周一萍 主编 | |
| 分册: | ||
| 出版信息: | 武汉 华中科技大学出版社 2008.11 |
|
| 页数: | 343页 | |
| 开本: | 24cm | |
| 丛书名: | 21世纪高等院校“十一五”系列规划教材·经管类 | |
| 单 册: | ||
| 中图分类: | F230 | |
| 科图分类: | ||
| 主题词: | 会计学--kuai ji xue--高等学校--教材 | |
| 电子资源: | ||
| ISBN: | 978-7-5609-5005-1 | |
| 000 | 01081nam 2200277 450 | |
| 001 | 012009705825 | |
| 005 | 20090623195644.98 | |
| 010 | @a978-7-5609-5005-1@dCNY35.80 | |
| 100 | @a20090623d2008 em y0chi0120 ea | |
| 101 | 0 | @achi |
| 102 | @b420000 | |
| 105 | @aak a 000yy | |
| 106 | @ar | |
| 200 | 1 | @a会计学原理@Akuai ji xue yuan li@f李月华, 周一萍主编@Fli yue hua,zhou yi ping zhu bian |
| 210 | @a武汉@c华中科技大学出版社@d2008.11 | |
| 215 | @a343页@c图@d24cm | |
| 225 | 0 | @a21世纪高等院校“十一五”系列规划教材·经管类@A21 shi ji gao deng yuan xiao“shi yi wu”xi lie gui hua jiao cai·jing guan lei |
| 320 | @a有书目 | |
| 330 | @a本书对会计的的基本理论、基本知识和基本方法进行了深入的阐述。内容包括:会计科目与账户、制造企业主要经济业务核算、账户的分类、会计凭证、会计账簿等。 | |
| 410 | 0 | @12001 @a21世纪高等院校十一五系列规划教材·经管类 |
| 606 | 0 | @a会计学@Akuai ji xue@x高等学校@j教材 |
| 690 | @aF230@v4 | |
| 701 | 0 | @a李月华@Ali yue hua@4主编 |
| 701 | 0 | @a周一萍@Azhou yi ping@4主编 |
| 801 | 0 | @aCN@bQSSK@c20090623 |
| 905 | @b748866-68@dF230@eL322@f3 | |
| 会计学原理/李月华, 周一萍主编.-武汉:华中科技大学出版社,2008.11 |
| 343页:图;24cm.-(21世纪高等院校“十一五”系列规划教材·经管类) |
| ISBN 978-7-5609-5005-1:CNY35.80 |
| 本书对会计的的基本理论、基本知识和基本方法进行了深入的阐述。内容包括:会计科目与账户、制造企业主要经济业务核算、账户的分类、会计凭证、会计账簿等。 |
| ● |
| 相关链接 |
|
|
|
正题名:会计学原理
索取号:F230/L322
 
预约/预借
| 序号 | 登录号 | 条形码 | 馆藏地/架位号 | 状态 | 备注 |
| 1 | 748866 | 207488663 | 社科库409/409社科库 75排1列4层/ [索取号:F230/L322] | 在馆 | |
| 2 | 748867 | 207488672 | 社科库409/409社科库 75排1列4层/ [索取号:F230/L322] | 在馆 | |
| 3 | 748868 | 207488681 | 社科库409/409社科库 75排1列4层/ [索取号:F230/L322] | 在馆 |